|
|
|
|
| LEADER |
00000cam a22000004a 4500 |
| 001 |
musev2_6013 |
| 003 |
MdBmJHUP |
| 005 |
20230905040717.0 |
| 006 |
m o d |
| 007 |
cr||||||||nn|n |
| 008 |
090825s2010 inu o 00 0 eng d |
| 010 |
|
|
|z 2009035057
|
| 020 |
|
|
|a 9780268080594
|
| 020 |
|
|
|z 026802975X
|
| 020 |
|
|
|z 9780268029753
|
| 020 |
|
|
|z 0268080593
|
| 035 |
|
|
|a (OCoLC)694144504
|
| 040 |
|
|
|a MdBmJHUP
|c MdBmJHUP
|
| 050 |
0 |
4 |
|a BX5004.3
|b .G44 2010
|
| 100 |
1 |
|
|a Geffert, Bryn,
|d 1967-
|
| 245 |
1 |
0 |
|a Eastern Orthodox and Anglicans :
|b Diplomacy, Theology, and the Politics of Interwar Ecumenism /
|c Bryn Geffert.
|
| 264 |
|
1 |
|a Notre Dame, Ind. :
|b University of Notre Dame Press,
|c 2010.
|
| 264 |
|
3 |
|a Baltimore, Md. :
|b Project MUSE,
|c 2012
|
| 264 |
|
4 |
|c ©2010.
|
| 300 |
|
|
|a 1 online resource (536 pages):
|b ill. ;
|
| 336 |
|
|
|a text
|b txt
|2 rdacontent
|
| 337 |
|
|
|a computer
|b c
|2 rdamedia
|
| 338 |
|
|
|a online resource
|b cr
|2 rdacarrier
|
| 504 |
|
|
|a Includes bibliographical references and index.
|
| 505 |
0 |
|
|a Introduction -- Nineteenth-century precedents -- Outbreak of ecumenism -- The Roman Catholic Church -- False starts -- Anglican orders and Orthodox politics -- Jubilee, 1925 -- The Russian Student Christian Movement -- The prayer book crisis, 1927-1928 -- Lausanne, 1927 -- The fellowship of St. Alban and St. Sergius -- Intercommunion and sofiology -- Lambeth, 1930 -- Bucharest, 1935-1936 -- Edinburgh, 1937 -- Internal divisions -- Conclusion.
|
| 588 |
|
|
|a Description based on print version record.
|
| 650 |
|
0 |
|a Anglican Communion
|x Relations
|x Orthodox Eastern Church.
|
| 610 |
2 |
0 |
|a Orthodox Eastern Church
|x Relations
|x Anglican Communion.
|
| 655 |
|
7 |
|a Electronic books.
|2 local
|
| 710 |
2 |
|
|a Project Muse.
|e distributor
|
| 830 |
|
0 |
|a Book collections on Project MUSE.
|
| 856 |
4 |
0 |
|z Texto completo
|u https://projectmuse.uam.elogim.com/book/6013/
|
| 945 |
|
|
|a Project MUSE - Custom Collection
|
| 945 |
|
|
|a Project MUSE - 2010 Philosophy and Religion
|
| 945 |
|
|
|a Project MUSE - 2010 Complete
|